Представление документа в формате RUSMARC

ПолеНазваниеЗначение
  Тип записи a
  Библиографический уровень m
001 Контрольный номер UONB/MAIN/13e89f6ea3064d5a83377fba7dacfa61
005 Дата корректировки 20260428182146.2
010 Индекс ISBN __
d Цена 2 р. 23 к.
b Уточнения в пер.
9 Тираж 2050 экз.
100 Данные общей обработки __
a Данные общей обработки 20260428d1961 u y0rusy018902 ca
101 Язык документа 1_
a Язык текста rus
c Язык оригинала eng
102 Страна публикации __
a Страна публикации RU
105 Кодированные данные (монография) __
a Кодированные данные (монография) a z 001yy
200 Заглавие и сведения об ответственности 1_
a Заглавие Селекция растений и цитогенетика
f Первые сведения об ответственности Ф. Эллиот
g Последующие сведения об ответственности перевод с английского Е. Н. Волотова [и др.]
g Последующие сведения об ответственности под редакцией и с предисловием А. Р. Жебрака
203 Вид содержания и тип средства __
a Вид содержания Текст
b Характеристика содержания визуальный
c Тип средства непосредственный
210 Выходные данные 1_
a Место издания Москва
c Издательство Изд-во иностр. лит.
d Дата издания 1961
215 Физическое описание __
a Объем 447 с.
c Иллюстрации/тип воспроизводства ил.
d Формат 22 см
300 Общие примечания __
a Общие примечания Доп. тит. л.: Plant breeding and cytogenetics. By Fred C. Elliott. New York a. o., McGraw-Hill, 1958
317 Примечания о происхождении экземпляра __
a Примечания о происхождении экземпляра Берляндский фонд № 754275
320 Библиография __
a Библиография Библиогр. в конце гл.
606 Тематические рубрики 0_
a Основная рубрика Селекция
606 Тематические рубрики 0_
a Основная рубрика Цитогенетика
610 Ключевые слова 0_
a Ключевые слова селекция; цитогенетика
686 Индексы других классификаций __
a Классификационный индекс 41.31
2 Код системы rubbk
700 Автор _1
a Фамилия Эллиот
b Имя (инициалы) Ф.
702 Вторичная интеллектуальная ответственность _1
a Фамилия Волотов
b Имя (инициалы) Е. Н.
4 Код отношения 730
702 Вторичная интеллектуальная ответственность _1
a Фамилия Жебрак
b Имя (инициалы) А. Р.
4 Код отношения 340
4 Код отношения 080
c Титул (звания) акад.
801 Источник записи _0
a Страна RU
b Организация Ульяновская ОНБ
c Дата составления 20260428
g Правила каталогизации RCR
801 Источник записи _1
a Страна RU
b Организация Ульяновская ОНБ
c Дата составления 20260428
g Правила каталогизации RCR
901 Тип документа __
t Тип документа m
909 Создатель записи __
a Создатель записи Мартьянова
b Дата создания записи 20260428